Успіх. Три роки з історії однієї провінції (Запис № 327186)

МАРК-запис
000 -Лідер
fixed length control field 00728nam a22002297a 4500
001 - Контрольний номер
control field 41051
003 - Ідентифікатор контрольного номера
control field UA-OsUOA
005 - Дата та час останнього входження (трансакції)
control field 20220819142002.0
007 - Фіксоване поле фізичного опису
fixed length control field ta
008 - Елементи даних фіксованої довжини – загальна інформація
fixed length control field 20060914b un ||||| |||| 00| 0 ukr d
040 ## - Джерело каталогізації
Агенція оригінальної каталогізації UA-OsUOA
Мова каталогізації ukr
Агенція, яка здійснювала перезапис UA-OsUOA
Агенція, яка здійснювала модифікацію UA-OsUOA
041 ## - Код мови
Код мови тексту/ звукової доріжки чи окремого заголовка (П) ukr
080 ## - Індекс Універсальної десяткової класифікації
Індекс Універсальної десяткової класифікації (УДК) (НП) 821.112.2
090 ## - Локальний шифр розміщення
Класифікаційний індекс УДК 821.112.2
Авторський знак (НП) A36
100 ## - Основне введення – ім’я особи
Ім’я особи (НП) Фейхтвангер Л.
245 ## - Відомості про назву
Назва (НП) Успіх. Три роки з історії однієї провінції
Решта назви (НП) роман
Дані про відповідальність (НП) Ліон Фейхтвангер
260 ## - Публікація, розповсюдження і т.п. (Вихідні дані)
Місце публікації, розповсюдження і т.п. (П) К.
Ім’я/ наймення видавництва, розповсюджувача і т.п. (П) Дніпро
Дата публікації, розповсюдження і т.п. (П) 1980
300 ## - Фізичний опис
Обсяг 742 с.
650 #7 - Додаткове предметне введення – тематичний термін
Тематичний термін чи географічна назва, як елемент введення (НП) 821 Художня література окремими мовами і мовними сім'ями
Джерело заголовка чи терміна UDC
942 ## - Додаткові елементи входу (Коха)
Тип елемента Koha Книги
Source of classification or shelving scheme Universal Decimal Classification
955 ## - Код типу видання за змістом
Код типу видання за змістом (НП) Літературно-художні видання
Фонди
Стан вилучень Стан втрат Джерело класифікації або схеми стелажів Стан уражень Не для кредиту Постійне місце розташування Поточне розміщення Дата придбання Інвентарний номер Усього замовленно Повний номер виклику Штрих-код Дата останнього перегляду Ціна ефективна від Тип елемента Koha Джерело придбання Вартість, звичайна ціна покупки
    Universal Decimal Classification     АБ - Абонемент НБ АБ - Абонемент НБ 30/05/2013 33699   821.112.2 A36 33699 28/04/2022 14/09/2006 Книги    
    Universal Decimal Classification     АБ - Абонемент НБ АБ - Абонемент НБ 30/05/2013 42646   821.112.2 A36 42646 28/04/2022 14/09/2006 Книги    
    Universal Decimal Classification     АБ - Абонемент НБ АБ - Абонемент НБ 29/05/2013 42803   821.112.2 A36 42803 28/04/2022 14/09/2006 Книги    
    Universal Decimal Classification     АБ - Абонемент НБ АБ - Абонемент НБ 14/09/2006 98369   821.112.2 A36 98369 28/04/2022 14/09/2006 Книги 90/2006 11.00